000 00847nam a22002417a 4500
001 4710
003 FISKH
005 20240923154924.0
008 240923b cb ||||| |||| 00| 0 eng d
020 _a9781786170255
040 _aFISKH
_beng
_cFISKH
_dFISKH
050 _aPS3523.O46
082 _a813.52
100 _aLondon, Jack
245 _aThe call of the wild /
_c Jack London ; Illustrated by Helen Cann
260 _aEssex :
_bMilestone,
_c2016.
300 _a320 pages :
_bcolor illustrations ;
_c17 cm
520 _aThe adventures of an unusual dog, part St. Bernard, part Scotch shepherd, that is forcibly taken to the Klondike gold fields where he eventually becomes the leader of a wolf pack.
650 _aAmerican Literature
_vAdventure
700 _aCann, Helen
_eIllustrator
942 _2ddc
_cBK
_n0
999 _c4710
_d4710